| 000 | 00692nam a2200229 a 4500 | ||
|---|---|---|---|
| 001 | BRL_142 | ||
| 005 | 20190320210615.0 | ||
| 008 | 181012s19uu----enkf######---#000-0#eng-# | ||
| 041 | _aeng | ||
| 044 | _aenk | ||
| 050 | 4 |
_aNE1318 _b.J37 1900 |
|
| 245 | 1 | 0 |
_aJapanese colour prints _bfrom Harunobu to Utumaro _cintroduction and notes Wilfrid Blunt. |
| 260 |
_aLondon _bFaber and Faber _c[19--] |
||
| 300 |
_a24 p. _bil., 10 láminas _c31 cm. |
||
| 440 | 0 |
_aThe Faber gallery of oriental art _v5 _923025 |
|
| 500 | _aAu166 | ||
| 650 | 1 | 4 |
_aGrabados japoneses _918915 |
| 650 | 1 | 4 |
_aPintores japoneses _xVida cotidiana _923026 |
| 700 | 1 |
_aBlunt, Wilfrid _923027 |
|
| 902 | _aGRL | ||
| 942 |
_2lcc _cB |
||
| 999 |
_c8955 _d8955 |
||